| 000 | 00695nam a2200217 u 4500 | ||
|---|---|---|---|
| 005 | 20240223063623.0 | ||
| 008 | 100428s2004 es r 000 0 spa d | ||
| 020 | _a8493404519 | ||
| 035 | _aUPN01000175619 | ||
| 049 | _aI | ||
| 050 | 4 |
_aPZ46.3 _bB8.3 |
|
| 100 | 1 |
_aBuzzati, Dino, _d1906-1972 _936244 |
|
| 245 | 1 | 3 |
_aLa famosa invasión de Sicilia por los osos / _cDino Buzzati ; tr. María Estébanez. |
| 260 |
_aMadrid : _bGadir, _c2004. |
||
| 300 |
_a141 p. : _bil. col. |
||
| 440 | 0 | _aFicción | |
| 534 |
_pTraducción de: _tLa famosa invasione degli orsi in Sicilia |
||
| 650 | 4 |
_aCuentos infantiles italianos _97373 |
|
| 650 | 4 |
_aOSOS - _vLITERATURA JUVENIL _98915 |
|
| 905 | _aInfantil | ||
| 999 |
_c147723 _d147723 |
||